| 000 | 00389nam a2200157Ia 4500 | ||
|---|---|---|---|
| 008 | 230711s9999||||xx |||||||||||||| ||und|| | ||
| 041 | _aENG | ||
| 082 |
_a720 _bMC-P |
||
| 100 | _aMcconnell,Kirsty | ||
| 245 | 0 | _aPier's jetties and related structures exposed to waves | |
| 250 | _a1st | ||
| 260 |
_c2007 _aLondon _bThomas Telford |
||
| 300 | _a148 | ||
| 650 | _aArchitecture | ||
| 942 | _cBK | ||
| 999 |
_c5002 _d5002 |
||